| Поле | Название | Значение |
| |
Тип записи |
c |
| |
Библиографический уровень |
m |
| 001 |
Контрольный номер |
RU/УОНБ/EK_N/322859167 |
| 005 |
Дата корректировки |
20250520122707.4 |
| 010 |
Индекс ISBN |
__ |
| 9 |
Тираж |
2240 экз. |
| d |
Цена |
1 р. 50 к. |
| 100 |
Данные общей обработки |
__ |
| a |
Данные общей обработки |
20171020d1986 u y0rusy0103 ca |
| 101 |
Язык документа |
0_ |
| a |
Язык текста |
rus |
| f |
Язык титульного листа |
rus |
| 102 |
Страна публикации |
__ |
| a |
Страна публикации |
RU |
| 125 |
Кодированные данные звукозаписи и нотных изданий |
__ |
| a |
Форма изложения нотного текста |
z| |
| 128 |
Кодированные данные (звукозаписи-физические характеристики) |
__ |
| a |
Кодированные данные: Музыкальная форма и тональность или лад |
fm |
| c |
Инструменты или голоса, рекомендуемые для солистов (устаревшее) |
vu|| |
| 200 |
Заглавие и сведения об ответственности |
1_ |
| a |
Заглавие |
Народные песни села Сенного Севского района Брянской области |
| f |
Первые сведения об ответственности |
А. Капралов, Н. Савельева |
| g |
Последующие сведения об ответственности |
сост. сб. и авт. предисл. Н. Савельева |
| g |
Последующие сведения об ответственности |
под ред. Э. Е. Алексеева |
| 203 |
Вид содержания и тип средства |
__ |
| a |
Вид содержания |
Музыка |
| b |
Характеристика содержания |
знаковая |
| c |
Тип средства |
непосредственная |
| 210 |
Выходные данные |
1_ |
| a |
Место издания |
Москва |
| c |
Издательство |
Советский композитор |
| d |
Дата издания |
1986 |
| 215 |
Физическое описание |
__ |
| a |
Объем |
96 c. |
| d |
Формат |
21 см |
| 225 |
Серия |
1_ |
| a |
Серия |
Из коллекции фольклориста |
| 300 |
Общие примечания |
__ |
| a |
Общие примечания |
Прилагается грампластинка с образцами полевых записей |
| 300 |
Общие примечания |
__ |
| a |
Общие примечания |
Традиционная культура : об одежде в с. Сенном в начале нашего века ; о некоторых календарных обрядах ; свадебное действо в с. Сенном. |
| 327 |
Примечание о содержании |
11 |
| a |
Примечание о содержании |
Содерж. : Календарные песни : Зимние : Мы искали, искали господинова двора ; Ой вы, святки ; А в печи огонь горит ; Ах ты, зюмушка ; Как вчера молода ; В белом городе молодая вдова ; Как под лесом, лесом ; Давно ли я, давно у батюшки была ; Взойду ли я да на горку ; Галочка-ключница. - Весенние : Под колокольнею ; Сама мати пречистая ; У ворот трава расстилается ; А в бору, бору ; Выходила молода ; Одинокая Матрёна ; Костромушка, Кострома ; При долине мак ; Король по городу ходит ; А бояре, да мы к вам едем. - Летние : Молодушка молода ; Я по садику пошла ; Не в моём ли садике ; Долинка, долинушка ; Как за садом, садом. - Лирические бытовые песни : Соловей мой, соловей ; Поехали рыболовщики ; Ох ты, бабочка ; Закатилося ясное солнушко ; Ой да не шатайся ; Рассказать ли вам, подружки ; Чудаки наши начальники ; Ходит девка около Дуная ; Как по Питерской дорожке ; Зимушка-зима ; Ходил донец ; Да ходил чумак ; Что дуб на березу ; Хорош город Лебедин ; Ой, загудели да сизые голуби ; Ой, полно, полно нам, братцы-ребята ; Случилось мальчоночке ; Ох ты, парень, паренёк ; Шёл Ваня дорожкой ; Как приехал мой миленький ; Ехали драгуны ; Скатилася да зоренька. - Свадебные песни : Ой, бор-перебор ; Ой, лёлюшки, лёли ; Хорошо тобе, Иванушка ; Иванушка, ступай во светлицы ; Разыгралася калина ; Сказали, наша Прасковьюшка ; Ой, баслови, боже ; На широкий двор ; Коса ль моя, косутка ; Волга-река крутобережна. |
| 464 |
Аналитический уровень |
_0 |
| 1 |
|
2001 |
| a |
|
Мы искали, искали господинова двора |
| e |
|
Мы искали, искали господинова двора... |
| 464 |
Аналитический уровень |
_0 |
| 1 |
|
2001 |
| a |
|
Под колокольнею |
| e |
|
Лялиё, лялиё... |
| 464 |
Аналитический уровень |
_0 |
| 1 |
|
2001 |
| a |
|
Молодушка молода |
| e |
|
Молодушка молода, ой... |
| 464 |
Аналитический уровень |
_0 |
| 1 |
|
2001 |
| a |
|
Соловей мой, соловей |
| e |
|
Соловей мой, соловей... |
| 464 |
Аналитический уровень |
_0 |
| 1 |
|
2001 |
| a |
|
Ой, бор-перебор |
| e |
|
Ой, бор-перебор, да молоденький млад-Андрей... |
| 464 |
Аналитический уровень |
_0 |
| 1 |
|
2001 |
| a |
|
Ой вы, святки |
| e |
|
Ой вы, святки, вы, святки... |
| 464 |
Аналитический уровень |
_0 |
| 1 |
|
2001 |
| a |
|
А в печи огонь горит |
| e |
|
А в печи огонь горит... |
| 464 |
Аналитический уровень |
_0 |
| 1 |
|
2001 |
| a |
|
Ах ты, зюмушка |
| e |
|
Ах ты, зюмушка, зюмок молодой... |
| 464 |
Аналитический уровень |
_0 |
| 1 |
|
2001 |
| a |
|
Как вчера молода |
| e |
|
Как вчера молода, молодёшенька... |
| 464 |
Аналитический уровень |
_0 |
| 1 |
|
2001 |
| a |
|
В белом городе молодая вдова |
| e |
|
В белом городе... |
| 464 |
Аналитический уровень |
_0 |
| 1 |
|
2001 |
| a |
|
Как под лесом, лесом |
| e |
|
Как под лесом, лесом... |
| 464 |
Аналитический уровень |
_0 |
| 1 |
|
2001 |
| a |
|
Давно ли я, давно у батюшки была |
| e |
|
Давно ли я, давно у батюшки была... |
| 464 |
Аналитический уровень |
_0 |
| 1 |
|
2001 |
| a |
|
Взойду ли я да на горку |
| e |
|
Взойду ли я да на горку... |
| 464 |
Аналитический уровень |
_0 |
| 1 |
|
2001 |
| a |
|
Галочка-ключница |
| e |
|
Галочка-ключница... |
| 464 |
Аналитический уровень |
_0 |
| 1 |
|
2001 |
| a |
|
Сама мати пречистая |
| e |
|
Лелем ё лелем... |
| 464 |
Аналитический уровень |
_0 |
| 1 |
|
2001 |
| a |
|
У ворот трава расстилается |
| e |
|
У ворот трава расстилается... |
| 464 |
Аналитический уровень |
_0 |
| 1 |
|
2001 |
| a |
|
А в бору, бору |
| e |
|
А в бору, бору, бору... |
| 464 |
Аналитический уровень |
_0 |
| 1 |
|
2001 |
| a |
|
Выходила молода |
| e |
|
Выходила молода... |
| 464 |
Аналитический уровень |
_0 |
| 1 |
|
2001 |
| a |
|
Одинокая Матрёна |
| e |
|
Одинокая Матрёна... |
| 464 |
Аналитический уровень |
_0 |
| 1 |
|
2001 |
| a |
|
Костромушка, Кострома |
| e |
|
Костромушка, Кострома... |
| 464 |
Аналитический уровень |
_0 |
| 1 |
|
2001 |
| a |
|
При долине мак |
| e |
|
При долине мак... |
| 464 |
Аналитический уровень |
_0 |
| 1 |
|
2001 |
| a |
|
Король по городу ходит |
| e |
|
Король по городу ходит... |
| 464 |
Аналитический уровень |
_0 |
| 1 |
|
2001 |
| a |
|
А бояре, да мы к вам едем |
| e |
|
А бояре, да мы к вам едем... |
| 464 |
Аналитический уровень |
_0 |
| 1 |
|
2001 |
| a |
|
Я по садику пошла |
| e |
|
Я по садику пошла... |
| 464 |
Аналитический уровень |
_0 |
| 1 |
|
2001 |
| a |
|
Не в моём ли садике |
| e |
|
Не в моём ли садике... |
| 464 |
Аналитический уровень |
_0 |
| 1 |
|
2001 |
| a |
|
Долинка, долинушка |
| e |
|
Долинка, долинушка... |
| 464 |
Аналитический уровень |
_0 |
| 1 |
|
2001 |
| a |
|
Как за садом, садом |
| e |
|
Как за садом, садом... |
| 464 |
Аналитический уровень |
_0 |
| 1 |
|
2001 |
| a |
|
Поехали рыболовщики |
| e |
|
Поехали рыболовщики рыбушку ловить... |
| 464 |
Аналитический уровень |
_0 |
| 1 |
|
2001 |
| a |
|
Ох ты, бабочка |
| e |
|
Ох ты, бабочка, да зазноба... |
| 464 |
Аналитический уровень |
_0 |
| 1 |
|
2001 |
| a |
|
Закатилося ясное солнушко |
| e |
|
Закатилося ясное солнушко... |
| 464 |
Аналитический уровень |
_0 |
| 1 |
|
2001 |
| a |
|
Ой да не шатайся |
| e |
|
Ой да не шатайся, да ты не валяйся... |
| 464 |
Аналитический уровень |
_0 |
| 1 |
|
2001 |
| a |
|
Рассказать ли вам, подружки |
| e |
|
Рассказать ли вам, подружки... |
| 464 |
Аналитический уровень |
_0 |
| 1 |
|
2001 |
| a |
|
Чудаки наши начальники |
| e |
|
Чудаки наши начальники... |
| 464 |
Аналитический уровень |
_0 |
| 1 |
|
2001 |
| a |
|
Ходит девка около Дуная |
| e |
|
Ходит девка около Дуная... |
| 464 |
Аналитический уровень |
_0 |
| 1 |
|
2001 |
| a |
|
Как по Питерской дорожке |
| e |
|
Как по Питерской дорожке... |
| 464 |
Аналитический уровень |
_0 |
| 1 |
|
2001 |
| a |
|
Зимушка-зима |
| e |
|
Зимушка-зима, зима холодна, ой... |
| 464 |
Аналитический уровень |
_0 |
| 1 |
|
2001 |
| a |
|
Ходил донец |
| e |
|
Ходил донец семь лет до Дону... |
| 464 |
Аналитический уровень |
_0 |
| 1 |
|
2001 |
| a |
|
Да ходил чумак |
| e |
|
Да ходил чумак, да гулял бурлак... |
| 464 |
Аналитический уровень |
_0 |
| 1 |
|
2001 |
| a |
|
Что дуб на березу |
| e |
|
Что дуб на березу, на яр похилился... |
| 464 |
Аналитический уровень |
_0 |
| 1 |
|
2001 |
| a |
|
Хорош город Лебедин |
| e |
|
Хорош город Ле... Лебедин... |
| 464 |
Аналитический уровень |
_0 |
| 1 |
|
2001 |
| a |
|
Ой, загудели да сизые голуби |
| e |
|
Ой, загудели да сизые голуби рано на заре... |
| 464 |
Аналитический уровень |
_0 |
| 1 |
|
2001 |
| a |
|
Ой, полно, полно нам, братцы-ребята |
| e |
|
Ой, полно, полно нам, братцы-ребята... |
| 464 |
Аналитический уровень |
_0 |
| 1 |
|
2001 |
| a |
|
Случилось мальчоночке |
| e |
|
Случилось мальчоночке на чужой стороне, э ой... |
| 464 |
Аналитический уровень |
_0 |
| 1 |
|
2001 |
| a |
|
Ох ты, парень, паренёк |
| e |
|
Ох ты, парень-паренёк... |
| 464 |
Аналитический уровень |
_0 |
| 1 |
|
2001 |
| a |
|
Шёл Ваня дорожкой |
| e |
|
Шёл Ваня, Ваня доро... ой, дорожкой... |
| 464 |
Аналитический уровень |
_0 |
| 1 |
|
2001 |
| a |
|
Как приехал мой миленький |
| e |
|
Как приехал мой миленький с Дону... |
| 464 |
Аналитический уровень |
_0 |
| 1 |
|
2001 |
| a |
|
Ехали драгуны |
| e |
|
Ехали драгуны со службы домой... |
| 464 |
Аналитический уровень |
_0 |
| 1 |
|
2001 |
| a |
|
Скатилася да зоренька |
| e |
|
Скатилася да зоренька с неба... |
| 464 |
Аналитический уровень |
_0 |
| 1 |
|
2001 |
| a |
|
Ой, лёлюшки, лёли |
| e |
|
Ой, лёлюшки, лёли... |
| 464 |
Аналитический уровень |
_0 |
| 1 |
|
2001 |
| a |
|
Хорошо тобе, Иванушка |
| e |
|
Хорошо тобе, Иванушка, жениться... |
| 464 |
Аналитический уровень |
_0 |
| 1 |
|
2001 |
| a |
|
Иванушка, ступай во светлицы |
| e |
|
Иванушка, ступай во светлицы... |
| 464 |
Аналитический уровень |
_0 |
| 1 |
|
2001 |
| a |
|
Разыгралася калина |
| e |
|
Разыгралася калина... |
| 464 |
Аналитический уровень |
_0 |
| 1 |
|
2001 |
| a |
|
Сказали, наша Прасковьюшка |
| e |
|
Сказали: наша Прасковьюшка... |
| 464 |
Аналитический уровень |
_0 |
| 1 |
|
2001 |
| a |
|
Ой, баслови, боже |
| e |
|
Ой, баслови, боже... |
| 464 |
Аналитический уровень |
_0 |
| 1 |
|
2001 |
| a |
|
На широкий двор |
| e |
|
На широкий двор... |
| 464 |
Аналитический уровень |
_0 |
| 1 |
|
2001 |
| a |
|
Коса ль моя, косутка |
| e |
|
Коса ль моя, косутка... |
| 464 |
Аналитический уровень |
_0 |
| 1 |
|
2001 |
| a |
|
Волга-река крутобережна |
| e |
|
Волга-река крутобережна... |
| 512 |
Заглавие обложки |
1_ |
| a |
Заглавие обложки |
Народные песни села Сенного Севского района Брянской области |
| 600 |
Персоналии |
_1 |
| a |
Персоналии (Фамилия) |
Капралов, Антон Тимофеевич |
| 600 |
Персоналии |
_1 |
| a |
Персоналии (Фамилия) |
Савельева, Нина Михайловна |
| 606 |
Тематические рубрики |
0_ |
| a |
Основная рубрика |
Народные песни |
| y |
Географическая подрубрика |
Сенное, село (Севский район ; Брянская область) |
| 610 |
Ключевые слова |
0_ |
| a |
Ключевые слова |
народные песни |
| 610 |
Ключевые слова |
0_ |
| a |
Ключевые слова |
Капралов А. Т. |
| 610 |
Ключевые слова |
0_ |
| a |
Ключевые слова |
Савельева Н. М. |
| 686 |
Индексы других классификаций |
__ |
| a |
Классификационный индекс |
85.92(2) |
| 2 |
Код системы |
rubbk |
| 700 |
Автор |
_1 |
| a |
Фамилия |
Капралов |
| b |
Имя (инициалы) |
А. Т. |
| g |
Полное личное имя |
Антон Тимофеевич |
| 701 |
Альтернативная интеллектуальная ответственность |
_1 |
| a |
Фамилия |
Савельева |
| b |
Имя (инициалы) |
Н. М. |
| 702 |
Вторичная интеллектуальная ответственность |
_1 |
| a |
Фамилия |
Савельева |
| b |
Имя (инициалы) |
Н. М. |
| 4 |
Код отношения |
220 |
| 4 |
Код отношения |
080 |
| 702 |
Вторичная интеллектуальная ответственность |
_1 |
| a |
Фамилия |
Алексеев |
| b |
Имя (инициалы) |
Э. Е. |
| 4 |
Код отношения |
340 |
| 801 |
Источник записи |
_0 |
| a |
Страна |
RU |
| b |
Организация |
Ульяновская ОНБ |
| c |
Дата составления |
20171020 |
| g |
Правила каталогизации |
PSBO |
| 801 |
Источник записи |
_1 |
| a |
Страна |
RU |
| b |
Организация |
Ульяновская ОНБ |
| c |
Дата составления |
20171020 |
| 901 |
Тип документа |
__ |
| t |
Тип документа |
m |
| 909 |
Создатель записи |
__ |
| a |
Создатель записи |
Грязнова И. Е. |
| 910 |
Корректоры записи |
__ |
| a |
Корректор записи |
Илямакова |
| 938 |
Служебная информация |
__ |
| a |
Имя БД |
noti |
| b |
Имя библиотеки |
УОНБ |
| c |
Имя АИБС |
МАРК-SQL |
| d |
Номер DOC_ID в БД |
889 |